Management 10th (Record no. 564747)
[ view plain ]
| 000 -LEADER | |
|---|---|
| fixed length control field | 00339nam a2200133Ia 4500 |
| 008 - FIXED-LENGTH DATA ELEMENTS--GENERAL INFORMATION | |
| fixed length control field | 210430s9999 xx 000 0 und d |
| 020 ## - INTERNATIONAL STANDARD BOOK NUMBER | |
| International Standard Book Number | 978-81-317-2720-1 |
| 082 ## - DEWEY DECIMAL CLASSIFICATION NUMBER | |
| Classification number | 658 R6289 M |
| 100 ## - MAIN ENTRY--PERSONAL NAME | |
| Personal name | Stephen P.Robbins |
| 245 ## - TITLE STATEMENT | |
| Title | Management 10th |
| Statement of responsibility, etc. | Stephen P.Robbins |
| 260 ## - PUBLICATION, DISTRIBUTION, ETC. | |
| Place of publication, distribution, etc. | India |
| Name of publisher, distributor, etc. | Dorling |
| Date of publication, distribution, etc. | 2010 |
| 300 ## - PHYSICAL DESCRIPTION | |
| Extent | 545p |
| 942 ## - ADDED ENTRY ELEMENTS (KOHA) | |
| Koha item type | Book |
| Source of classification or shelving scheme | |
| Withdrawn status | Lost status | Damaged status | Not for loan | Collection code | Permanent Location | Current Location | Shelving location | Date acquired | Total Checkouts | Full call number | Barcode | Date last seen | Price effective from | Koha item type |
|---|---|---|---|---|---|---|---|---|---|---|---|---|---|---|
| School of Chemical & Materials Engineering (SCME) | School of Chemical & Materials Engineering (SCME) | General Stacks | 658 R6289 M | SCME-3968 | 04/30/2021 | 04/30/2021 | Book |
